日本語でよく使われる100語 - Statistics

General Stats
  • This quiz has been taken 943 times
  • The average score is 31 of 100
Answer Stats
品詞 単語 % Correct
91%
86%
86%
84%
84%
助 | 名
83%
81%
助動
80%
79%
接頭
79%
75%
75%
73%
72%
助動
71%
71%
助動
70%
63%
する
62%
助動 です
61%
助動 | 名
55%
助動 ます
53%
助動 | 動 ある
51%
それ
51%
これ
50%
助動
49%
接頭
47%
助動 | 形 ない
45%
43%
から
41%
いく
39%
38%
いる
36%
連体 その
35%
連体 この
34%
くる
33%
みる
30%
よう
28%
いい
25%
こと
24%
なる
22%
いう
22%
もの
21%
でも
21%
まで
20%
れる
19%
できる
19%
接続 また
18%
名 | 接尾
17%
接尾
17%
られる
17%
ので
16%
助動 たい
16%
接尾 さん
16%
おる
15%
など
13%
だけ
13%
ため
11%
11%
11%
せる
10%
思う
9%
接尾
9%
行く
9%
見る
8%
たり
8%
8%
言う
7%
7%
接尾
6%
自分
6%
時間
6%
5%
てる
5%
良い
5%
という
4%
しまう
4%
接尾
4%
4%
考える
4%
いただく
4%
4%
接尾
4%
として
3%
多い
3%
3%
使う
3%
くれる
3%
くださる
2%
行う
2%
場合
1%
形動 必要
1%
利用
1%
情報
1%
について
1%
No matching quizzes found
Score Distribution
Percent of People with Each Score
Percentile by Number Answered
Your Score History
You have not taken this quiz